| 000 | 00576nam a2200229 a 4500 | ||
|---|---|---|---|
| 003 | AR-BaBNM | ||
| 005 | 20251128204300.0 | ||
| 008 | 082120s2002 ||||||||||||||000 | spa|| | ||
| 040 | _cAR-BaBNM | ||
| 100 | 1 | _aMelendez, Gerardo | |
| 245 | 0 | 0 | _aAntropología pedagógica |
| 260 |
_aBuenos Aires _bBonum _c1968 |
||
| 300 | _a95 p. | ||
| 650 | 4 | _aANTROPOLOGIA DE LA EDUCACION | |
| 650 | 4 | _aHOMBRE | |
| 650 | 4 | _aTEOLOGIA | |
| 650 | 4 | _aRELACIONES INTERPERSONALES | |
| 650 | 4 | _aLIBERTAD DE PENSAMIENTO | |
| 653 | 0 | _aSISTEMAS FILOSOFICOS | |
| 942 | _cBK | ||
| 998 | _cCarmen | ||
| 999 |
_c6847 _d6847 |
||